000 01075cam a22003137a 4500
003 CHAP
005 20220329140613.0
008 971013s1975 r 00010 d
010 _a54639
011 _a55611
035 _a59763
040 _cCHAP
082 _a632.72
_bT7 1975
100 0 0 _aTrujillo García, Pedro.
_9115404
245 1 3 _aEl problema de la langosta, Schistocerca paranensis Burn
250 _a2 ed.
260 _aTijuana, B.C. :
_bSociedad de Geografía y Estadística de Baja California,
_c1975
300 _a151 p.
_b: ilus. ; gráfs.
590 _aBATCH-UPD
_b10
_c20130110
_lUCH01
_h2229
590 _aBATCH-UPD
_b10
_c20130410
_lUCH01
_h1524
590 _aBATCH-UPD
_b10
_c20130914
_lUCH01
_h1714
590 _aCONVERSION
_b10
_c20130109
_lUCH01
_h1329
650 1 4 _aLangosta como plaga.
_964759
650 1 4 _aSchistocerca paranensis.
_9103017
901 _aBK
942 _cLIBRO
949 _a632.72 T7 1975
_bBC
_cLIBRO
_d33724000182218
_eLIBRO
_fc.2
_h72812
_i59763
_si
949 _a632.72 T7 1975
_bBC
_cLIBRO
_d33724000660007
_eLIBRO
_h35220
_i59763
_mD
_si
999 _c54639
_d54639